| 000 | 00608nam a2200205 a 4500 | ||
|---|---|---|---|
| 003 | PILC | ||
| 005 | 20150112093438.0 | ||
| 008 | 100722s19uu xx 00 eng d | ||
| 020 | _a1591393507 | ||
| 050 |
_aHD 66 _b.R447 2004 |
||
| 082 |
_aMnSF 658.4 _bH26 2004 |
||
| 100 |
_aHarvard Business School _915381 |
||
| 245 | _aTeams that click / | ||
| 260 |
_aBoston, Massachusetts : _bHarvard Business School Publishing, _c2004. |
||
| 300 |
_a165 pages : _c19 cm. |
||
| 440 |
_aThe Results-Drivens Manager _917015 |
||
| 650 |
_aTeams in the workplace _917016 |
||
| 650 |
_aTeamwork _917017 |
||
| 942 |
_2lcc _cBK |
||
| 999 |
_c14648 _d14648 |
||